00345 a2200109 450000100060000008200120000610000640001824500950008226000260017730000090020350000230021292270 aPR 2514 aSyed Almas Mahmood; Shoaib Arif and Irfan Shahid (Advisors) aSimulation of Phase Shifters in Phased Array Radar for Electronic Beam Stearingn77 "B" EC aIslamabadbNUSTc2014 a68p. aBE Project Reports